[Event "USCL Week 2"]
[Site "Internet Chess Club"]
[Date "2012.09.10"]
[Round "?"]
[White "Kraai, Jesse"]
[Black "Romanenko, Vladimir"]
[Result "1/2-1/2"]
[WhiteElo "2567"]
[BlackElo "2513"]
[PlyCount "99"]
[EventDate "2012.??.??"]

1. Nf3 Nf6 2. c4 e6 3. g3 b6 4. Bg2 Bb7 5. O-O Be7 6. d4 O-O 7. d5 exd5 8. Nh4
c6 9. cxd5 Nxd5 10. Nf5 Nc7 11. e4 d5 12. Nc3 Bf6 13. exd5 Nxd5 14. Nxd5 cxd5
15. Bf4 Bxb2 16. Rb1 Bf6 17. Re1 Na6 18. Nd6 Bc6 19. Bxd5 Qd7 20. Bc4 Nc5 21.
Qh5 g6 22. Qh6 Ba4 23. Be5 Bxe5 24. Rxe5 Bc2 25. Rbe1 Qxd6 26. Rh5 Qxg3+ 27.
hxg3 gxh5 28. Qg5+ Bg6 29. f4 Ne6 30. Bxe6 fxe6 31. Rxe6 Rae8 32. Rxg6+ hxg6
33. Qxg6+ Kh8 34. Qxh5+ Kg8 35. Qg6+ Kh8 36. f5 Re7 37. Kg2 Rg7 38. Qh6+ Kg8
39. Qe6+ Kh7 40. Kf3 Rfg8 41. Kf4 Rg4+ 42. Ke5 Rxg3 43. Qf7+ R8g7 44. Qh5+ Kg8
45. Qe8+ Kh7 46. Qh5+ Kg8 47. Qe8+ Kh7 48. Qh5+ Kg8 49. Qe8+ Kh7 50. Qh5+
1/2-1/2

[Event "USCL Week 2"]
[Site "Internet Chess Club"]
[Date "2012.09.10"]
[Round "?"]
[White "Bartell, Tom"]
[Black "Ginsburg, Mark"]
[Result "0-1"]
[WhiteElo "2489"]
[BlackElo "2400"]
[PlyCount "70"]
[EventDate "2012.??.??"]

1. d4 Nf6 2. c4 e6 3. Nc3 Bb4 4. e3 O-O 5. Nge2 d5 6. a3 Be7 7. cxd5 Nxd5 8. g3
c5 9. dxc5 Nxc3 10. Qxd8 Rxd8 11. Nxc3 Bxc5 12. Bg2 Nc6 13. Bd2 Ne5 14. Ke2 Nc4
15. Bc1 Rb8 16. b3 Ne5 17. Ne4 b6 18. Bd2 Ba6+ 19. Kd1 Be7 20. f4 Ng4 21. Ke1
Bb7 22. h3 Nh6 23. Rg1 Nf5 24. Nf2 Bxg2 25. Rxg2 Rbc8 26. Ra2 h5 27. g4 hxg4
28. hxg4 Nd6 29. Bb4 Bh4 30. Bxd6 Rxd6 31. Rd2 Rc1+ 32. Ke2 Rxd2+ 33. Kxd2 Ra1
34. Ke2 Bxf2 35. Rxf2 Rxa3 0-1

[Event "USCL Week 2"]
[Site "Internet Chess Club"]
[Date "2012.09.10"]
[Round "?"]
[White "Amanov, Zhanibek"]
[Black "Lenderman, Alex"]
[Result "1-0"]
[WhiteElo "2463"]
[BlackElo "2703"]
[PlyCount "75"]
[EventDate "2012.??.??"]

1. e4 c5 2. Nf3 d6 3. d4 cxd4 4. Nxd4 Nf6 5. Nc3 Nc6 6. Bc4 e6 7. Bb3 a6 8. Be3
Na5 9. f4 Qc7 10. f5 Nxb3 11. axb3 Rb8 12. O-O Be7 13. Qf3 e5 14. Nde2 b5 15.
Bg5 Bb7 16. Bxf6 Bxf6 17. Ng3 O-O 18. Nd5 Bxd5 19. exd5 Qxc2 20. Ne4 Qxb2 21.
Rxa6 Qd4+ 22. Kh1 Rb6 23. Raa1 Rc8 24. Rad1 Qb4 25. Qg4 Kf8 26. Nxf6 Qxg4 27.
Nxg4 Rc3 28. Rf3 b4 29. Nf2 Rc2 30. Ne4 Re2 31. Ng3 Rc2 32. f6 g6 33. Ra1 Rc8
34. Ne4 Ra6 35. Rff1 Ra3 36. h3 Rca8 37. Rab1 R3a5 38. Rfd1 1-0

[Event "USCL Week 2"]
[Site "Internet Chess Club"]
[Date "2012.09.10"]
[Round "?"]
[White "Cozianu, Costin"]
[Black "Benjamin, Joel"]
[Result "1/2-1/2"]
[WhiteElo "2508"]
[BlackElo "2646"]
[PlyCount "83"]
[EventDate "2012.??.??"]

1. e4 e5 2. Nf3 Nc6 3. Bb5 a6 4. Ba4 Nf6 5. O-O Be7 6. Qe2 b5 7. Bb3 d6 8. c3
O-O 9. Rd1 Na5 10. Bc2 c5 11. d3 Nc6 12. Nbd2 d5 13. exd5 Nxd5 14. d4 exd4 15.
cxd4 c4 16. Ne4 Bb7 17. Nc3 Ncb4 18. Bb1 Nxc3 19. bxc3 Nd5 20. Bd2 Bd6 21. Ne5
Qh4 22. g3 Qh3 23. Be4 f5 24. Bf3 Rae8 25. a4 Bxe5 26. dxe5 f4 27. axb5 axb5
28. Ra7 fxg3 29. fxg3 Nxc3 30. Bxc3 Rxf3 31. Rxb7 Rxc3 32. e6 Rd3 33. Rf1 Qh6
34. Rff7 Qc1+ 35. Kg2 Rd2 36. Rxg7+ Kh8 37. Rxh7+ Kg8 38. Rbg7+ Kf8 39. Rf7+
Kg8 40. Rfg7+ Kf8 41. Rf7+ Kg8 42. Rfg7+ 1/2-1/2

[Event "USCL Week 2"]
[Site "Internet Chess Club"]
[Date "2012.09.10"]
[Round "?"]
[White "King, Alex"]
[Black "Viswanadha, Kesav"]
[Result "1/2-1/2"]
[WhiteElo "2303"]
[BlackElo "2181"]
[PlyCount "106"]
[EventDate "2012.??.??"]

1. d4 Nf6 2. c4 e6 3. Nc3 Bb4 4. e3 O-O 5. Bd3 c5 6. a3 Bxc3+ 7. bxc3 b6 8. Ne2
Ba6 9. e4 Ne8 10. Be3 Qc7 11. Qc2 h6 12. Bf4 d6 13. h4 Nc6 14. Rh3 e5 15. Be3
Na5 16. d5 Bxc4 17. g4 Bxd3 18. Qxd3 c4 19. Qc2 Nb3 20. Rb1 Nc5 21. Kf1 Nd3 22.
f3 Kh7 23. h5 f6 24. Ng3 Qd7 25. Nf5 Rh8 26. Rg3 b5 27. Qd2 Kg8 28. f4 exf4 29.
Bxf4 Nxf4 30. Qxf4 a6 31. Rg2 Rd8 32. a4 Nc7 33. Ra2 Kh7 34. Kf2 Rhe8 35. Kf3
Re5 36. axb5 axb5 37. Ra7 Ra8 38. Rxa8 Nxa8 39. Nd4 Nc7 40. Nc6 Re8 41. Ra1 Kg8
42. Ra7 Ra8 43. Qe3 Rxa7 44. Qxa7 Kh7 45. Nd4 Qc8 46. Qb6 b4 47. Qxb4 Ne8 48.
Nc6 Qa6 49. Qb8 Qa1 50. Qxe8 Qf1+ 51. Ke3 Qd3+ 52. Kf4 Qf1+ 53. Ke3 Qd3+
1/2-1/2

[Event "USCL Week 2"]
[Site "Internet Chess Club"]
[Date "2012.09.10"]
[Round "?"]
[White "Gulko, Boris"]
[Black "Mikhailuk, Slava"]
[Result "1/2-1/2"]
[WhiteElo "2590"]
[BlackElo "2415"]
[PlyCount "99"]
[EventDate "2012.??.??"]

1. c4 Nf6 2. Nc3 d5 3. cxd5 Nxd5 4. g3 Nxc3 5. bxc3 g6 6. Bg2 Bg7 7. Rb1 Nc6 8.
Nf3 O-O 9. Qc2 b6 10. O-O Bb7 11. d4 Na5 12. e4 c5 13. d5 Qd7 14. c4 Ba6 15.
Nd2 e5 16. Bb2 Rad8 17. Rbd1 b5 18. f4 Qe7 19. cxb5 Bxb5 20. Rfe1 Bd7 21. fxe5
Bg4 22. Bf3 h5 23. Bxg4 hxg4 24. Qa4 Nb7 25. Nc4 f6 26. e6 Nd6 27. Ba3 Rc8 28.
Rc1 Rfd8 29. Nxd6 Qxd6 30. Qxa7 Rc7 31. Qa5 f5 32. Rcd1 f4 33. gxf4 Qxf4 34.
Bc1 Qd6 35. Be3 Be5 36. Qd2 Rh7 37. Re2 Rb8 38. Rf1 Rb2 39. Qxb2 Bxb2 40. Rxb2
g3 41. Bf4 gxh2+ 42. Kh1 Qa6 43. Rff2 Qd3 44. Rb8+ Kg7 45. Rb7+ Kg8 46. Rb8+
Kg7 47. Rb7+ Kg8 48. Rb8+ Kg7 49. Rb7+ Kg8 50. Rb8+ 1/2-1/2

[Event "USCL Week 2"]
[Site "Internet Chess Club"]
[Date "2012.09.10"]
[Round "?"]
[White "Vovsha, Eli"]
[Black "Naroditsky, Daniel"]
[Result "1/2-1/2"]
[WhiteElo "2514"]
[BlackElo "2559"]
[PlyCount "108"]
[EventDate "2012.??.??"]

1. e4 c5 2. Nf3 d6 3. d4 cxd4 4. Nxd4 Nf6 5. Nc3 a6 6. Be3 e5 7. Nb3 Be6 8. h3
Nbd7 9. g4 Rc8 10. Qd2 b5 11. O-O-O Be7 12. f4 exf4 13. Bxf4 Ne5 14. Qe3 Ng6
15. Kb1 Nxf4 16. Qxf4 Rxc3 17. bxc3 Qc7 18. g5 Nd7 19. h4 Qxc3 20. Qd2 Qxd2 21.
Rxd2 h6 22. gxh6 Rxh6 23. Nd4 Nc5 24. Bg2 g6 25. Bf3 Bd7 26. Ne2 Bc6 27. Ng3
Rxh4 28. Rxh4 Bxh4 29. Rxd6 Bb7 30. Ne2 Be7 31. Rd1 Bxe4 32. Bxe4 Nxe4 33. c3
g5 34. Kc2 Nd6 35. Nd4 g4 36. Kd3 Kd7 37. Rf1 Bg5 38. Nf5 Nxf5 39. Rxf5 f6 40.
Ke4 Kc6 41. Rf2 Kc5 42. Rg2 Kc4 43. Rxg4 Kxc3 44. Kd5 Kb2 45. Rg2+ Ka3 46. Rf2
a5 47. Rg2 b4 48. Kc4 Bc1 49. Kb5 b3 50. axb3 Kxb3 51. Kxa5 f5 52. Kb5 f4 53.
Rf2 Kc3 54. Rxf4 Bxf4 1/2-1/2

[Event "USCL Week 2"]
[Site "Internet Chess Club"]
[Date "2012.09.10"]
[Round "?"]
[White "Klemm, Vince"]
[Black "Collyer, Curt"]
[Result "0-1"]
[WhiteElo "2073"]
[BlackElo "2294"]
[PlyCount "106"]
[EventDate "2012.??.??"]

1. Nf3 b6 2. c4 Bb7 3. Qb3 g6 4. d4 Bg7 5. Nbd2 d6 6. e3 Nd7 7. Be2 e5 8. d5
Ne7 9. O-O O-O 10. Qc2 h6 11. b3 f5 12. Bb2 g5 13. Rfd1 Ng6 14. Ne1 Qe7 15. Nf1
Bc8 16. b4 Nf6 17. Rac1 a5 18. a3 Bd7 19. Ra1 Qe8 20. Rdc1 Ne7 21. f3 Kh8 22.
Bc3 f4 23. bxa5 bxa5 24. e4 Ba4 25. Qd2 Qb8 26. Bd1 Be8 27. Nd3 Qa7+ 28. Qf2
Qa6 29. Be2 g4 30. Nd2 Bd7 31. Kh1 Qc8 32. c5 Qe8 33. Nc4 g3 34. hxg3 fxg3 35.
Qxg3 Nh5 36. Qh2 Qg6 37. Be1 Rg8 38. Ra2 Raf8 39. cxd6 cxd6 40. Nxa5 Bf6 41.
Rcc2 Bb5 42. Nc6 Bxd3 43. Nxe7 Bxe7 44. Bxd3 Bg5 45. Rc7 Be3 46. Rac2 Rf4 47.
R2c3 Bd4 48. Rc2 Rff8 49. Rd7 Rb8 50. Rc1 Rb2 51. Bc2 Qg5 52. Rb1 Rxc2 53. Rbb7
Nf6 0-1

[Event "USCL Week 2"]
[Site "Internet Chess Club"]
[Date "2012.09.10"]
[Round "?"]
[White "Williams, Justus"]
[Black "Casella, Michael"]
[Result "1-0"]
[WhiteElo "2331"]
[BlackElo "2308"]
[PlyCount "113"]
[EventDate "2012.??.??"]

1. Nf3 Nf6 2. c4 b6 3. g3 Bb7 4. Bg2 g6 5. O-O Bg7 6. Nc3 O-O 7. d3 c5 8. e4
Nc6 9. h3 d6 10. Be3 Nd7 11. d4 cxd4 12. Nxd4 Rc8 13. b3 Nc5 14. Rc1 Qd7 15.
Nde2 Rcd8 16. Qd2 Qc8 17. Bh6 Qa8 18. Nd5 e6 19. Bxg7 Kxg7 20. Qc3+ f6 21. Ndf4
e5 22. Nd5 Ne6 23. Qd2 Ncd4 24. Nec3 Rd7 25. f4 Nc7 26. Ne3 Re7 27. f5 g5 28.
Nc2 Nxc2 29. Qxd6 Ne3 30. Qxe7+ Rf7 31. Qa3 Nxf1 32. Rxf1 Rd7 33. Nd5 Nxd5 34.
exd5 Qc8 35. Be4 Qc5+ 36. Qxc5 bxc5 37. Kf2 Kf7 38. Ke3 a5 39. Rh1 Ke7 40. d6+
Kd8 41. Bxb7 Rxb7 42. h4 g4 43. Ke4 Kd7 44. Kd5 Rb6 45. Kxc5 Rxd6 46. Kb5 Rd2
47. Kxa5 Kc6 48. a4 Rd8 49. Kb4 Rd3 50. a5 Rxg3 51. a6 Kb6 52. Ra1 Ka7 53. c5
Rf3 54. c6 Rf2 55. Rc1 Rf4+ 56. Kb5 Rf1 57. Rxf1 1-0

[Event "USCL Week 2"]
[Site "Internet Chess Club"]
[Date "2012.09.10"]
[Round "?"]
[White "Dehmelt, Karl"]
[Black "Atoufi, Pedram"]
[Result "1-0"]
[WhiteElo "2298"]
[BlackElo "2275"]
[PlyCount "129"]
[EventDate "2012.??.??"]

1. e4 e5 2. Nf3 d6 3. d4 exd4 4. Nxd4 Nf6 5. Bd3 Be7 6. O-O O-O 7. c4 Nc6 8.
Nxc6 bxc6 9. Nc3 Nd7 10. Be3 Ne5 11. Be2 Be6 12. b3 Bf6 13. Rc1 c5 14. f4 Nc6
15. e5 dxe5 16. f5 Bd7 17. Bxc5 Re8 18. Qd5 Ne7 19. Bxe7 Qxe7 20. Ne4 Rad8 21.
Qb7 Bg5 22. Rc3 Bf4 23. Qxc7 Bxf5 24. Qxe7 Rxe7 25. Ng3 Bg6 26. Rd1 Rxd1+ 27.
Bxd1 Bd2 28. Rf3 e4 29. Rf1 Be3+ 30. Kh1 Bc5 31. Bg4 e3 32. Rd1 h5 33. Bf3 h4
34. Ne2 Bb4 35. Rd5 Bb1 36. Rb5 Bd2 37. a3 Bd3 38. Rd5 Bc2 39. b4 f5 40. c5 g5
41. h3 g4 42. hxg4 fxg4 43. Rg5+ Kf8 44. Rxg4 Rh7 45. Kh2 Ke7 46. Be4 Bxe4 47.
Rxe4+ Kd7 48. Kh3 Rf7 49. Rf4 Rxf4 50. Nxf4 Bc1 51. a4 Ba3 52. Nd3 e2 53. b5
Bb4 54. c6+ Kc7 55. Kxh4 e1=Q+ 56. Nxe1 Bxe1+ 57. Kg4 a6 58. Kf4 axb5 59. axb5
Kb6 60. g4 Bb4 61. g5 Bc3 62. Kf5 Kc7 63. Ke6 Bd2 64. g6 Bc3 65. Kf7 1-0

[Event "USCL Week 2"]
[Site "Internet Chess Club"]
[Date "2012.09.10"]
[Round "?"]
[White "Gelashvili, Tamaz"]
[Black "Matikozyan, Andranik"]
[Result "1-0"]
[WhiteElo "2694"]
[BlackElo "2470"]
[PlyCount "103"]
[EventDate "2012.??.??"]

1. d4 Nf6 2. Nf3 g6 3. c4 Bg7 4. g3 O-O 5. Bg2 c5 6. Nc3 cxd4 7. Nxd4 Nc6 8.
O-O Nxd4 9. Qxd4 d6 10. Qh4 Re8 11. Bg5 Bd7 12. Rfd1 Rc8 13. b3 Bc6 14. e4 Qa5
15. Rac1 a6 16. c5 Qxc5 17. Nd5 Qa3 18. Nxe7+ Rxe7 19. Bxf6 Bxf6 20. Qxf6 Rce8
21. Qxd6 Qxa2 22. Qb4 Bxe4 23. Rd8 Rxd8 24. Qxe7 Qd2 25. Rc7 Qd1+ 26. Bf1 Qd5
27. Rxb7 a5 28. Rb5 Qa8 29. Qe5 Bd5 30. h4 h5 31. g4 Bc6 32. Rxa5 Qc8 33. gxh5
Qg4+ 34. Qg3 Qe4 35. Qg2 Qxg2+ 36. Bxg2 Bxg2 37. Kxg2 Rb8 38. hxg6 fxg6 39. Rg5
Rxb3 40. h5 Kg7 41. hxg6 Rb6 42. Kg3 Rb1 43. Kf4 Rb4+ 44. Kf5 Rb5+ 45. Kg4 Rb1
46. Kg3 Kf6 47. Rg4 Kg7 48. Kh4 Rf1 49. f4 Kf6 50. g7 Rh1+ 51. Kg3 Rg1+ 52. Kf3
1-0

[Event "USCL Week 2"]
[Site "?"]
[Date "2012.09.12"]
[Round "?"]
[White "Schroer, Jonathan"]
[Black "Hess, Robert"]
[Result "0-1"]
[WhiteElo "2414"]
[BlackElo "2719"]
[PlyCount "82"]
[EventDate "2012.??.??"]

1. d4 Nf6 2. c4 e6 3. Nc3 d5 4. cxd5 exd5 5. Bg5 Be7 6. e3 c6 7. Qc2 a5 8. Bd3
Na6 9. a3 Nc7 10. Nf3 Ne6 11. Bh4 g6 12. O-O O-O 13. h3 Ng7 14. Bxf6 Bxf6 15.
b4 Ne6 16. Na4 b5 17. Nc5 Nxc5 18. Qxc5 Bb7 19. Ne5 Qe8 20. Qd6 Bxe5 21. dxe5
Qb8 22. Qxb8 Rfxb8 23. f4 Ra7 24. Kf2 Rba8 25. Rab1 axb4 26. axb4 Ra2+ 27. Kf3
R8a3 28. Rfd1 d4 29. e4 Bc8 30. Rbc1 Be6 31. Rxc6 Bc4 32. f5 gxf5 33. Rc8+ Kg7
34. exf5 Bxd3 35. f6+ Kh6 36. Kf4 Rf2+ 37. Kg3 Re2 38. Kh4 Rxg2 39. Rh1 Bf5 40.
Rf8 Rxh3+ 41. Rxh3 Rg4# 0-1

[Event "USCL Week 2"]
[Site "?"]
[Date "2012.09.12"]
[Round "?"]
[White "Kekelidze, Mikheil"]
[Black "Korley, Kassa"]
[Result "0-1"]
[WhiteElo "2628"]
[BlackElo "2353"]
[PlyCount "114"]
[EventDate "2012.??.??"]

1. e4 c5 2. Nc3 a6 3. Nge2 e5 4. g3 Nc6 5. Bg2 Nf6 6. d3 d6 7. O-O Be7 8. f4
Nd4 9. h3 Be6 10. f5 Bd7 11. g4 h6 12. Ng3 Bc6 13. Nd5 Bxd5 14. exd5 Nb5 15.
Be3 Nc7 16. c4 Nd7 17. Ne4 Nf6 18. b4 Nxe4 19. Bxe4 Bg5 20. Bf2 cxb4 21. Qa4+
b5 22. Qxb4 a5 23. Qb3 b4 24. a3 bxa3 25. Qa4+ Kf8 26. Rxa3 h5 27. c5 hxg4 28.
hxg4 Bf4 29. Qd1 Qg5 30. Qf3 Nb5 31. Rb3 Qh6 32. Rfb1 Nd4 33. Bxd4 exd4 34.
Rb8+ Ke7 35. R8b7+ Kf6 36. R7b6 Be3+ 37. Kf1 Qh2 38. g5+ Ke5 39. Qg2 Qf4+ 40.
Ke1 Rh1+ 41. Ke2 Rh2 42. R1b2 Rxg2+ 43. Bxg2 Qf2+ 44. Kd1 Qg1+ 45. Kc2 Qxg2+
46. Kb1 Qh1+ 47. Ka2 Qxd5+ 48. Ka1 Qxc5 49. R2b5 Kxf5 50. g6 fxg6 51. Rxc5+
dxc5 52. Rc6 g5 53. Rxc5+ Kf4 54. Rc7 g4 55. Rf7+ Kg3 56. Rxg7 Kf3 57. Rf7+ Bf4
0-1

[Event "USCL Week 2"]
[Site "?"]
[Date "2012.09.12"]
[Round "?"]
[White "Colas, Joshua"]
[Black "Swaminathan, Rahul"]
[Result "0-1"]
[WhiteElo "2376"]
[BlackElo "2197"]
[PlyCount "122"]
[EventDate "2012.??.??"]

1. d4 Nf6 2. c4 g6 3. Nc3 d5 4. Bg5 Ne4 5. Bh4 Nxc3 6. bxc3 dxc4 7. e3 Be6 8.
Qb1 c5 9. Qb5+ Nd7 10. Bxc4 a6 11. Qb3 Bxc4 12. Qxc4 cxd4 13. cxd4 Qa5+ 14. Ke2
Bg7 15. Nf3 e5 16. dxe5 Nxe5 17. Nxe5 Qxe5 18. Rab1 O-O 19. Qg4 Rac8 20. Bg3
Rc2+ 21. Kf3 f5 22. Bxe5 fxg4+ 23. Ke4 Bxe5 24. Kxe5 b5 25. a4 Rcxf2 26. axb5
axb5 27. g3 Re8+ 28. Kd4 Rd2+ 29. Kc3 Rd5 30. Rhe1 Rc8+ 31. Kb4 Rc2 32. e4 Re5
33. Rbc1 Rxc1 34. Rxc1 Rxe4+ 35. Kxb5 Re2 36. Rh1 Rc2 37. Kb4 Kg7 38. Kb3 Rc6
39. Rf1 h5 40. Rf2 g5 41. Rf1 Kg6 42. Kb2 h4 43. Rf2 hxg3 44. hxg3 Re6 45. Kc2
Re3 46. Rg2 Kf5 47. Kd2 Ra3 48. Rf2+ Ke4 49. Rf8 Rxg3 50. Rg8 Rf3 51. Rxg5 Kf4
52. Rg8 Kg3 53. Ke2 Rf7 54. Rg6 Kh3 55. Rh6+ Kg2 56. Re6 g3 57. Re8 Kh2 58.
Rh8+ Kg1 59. Rg8 g2 60. Rg6 Rh7 61. Kf3 Kh1 0-1

[Event "USCL Week 2"]
[Site "?"]
[Date "2012.09.12"]
[Round "?"]
[White "Perez, Robert"]
[Black "Gulamali, Kazim"]
[Result "0-1"]
[WhiteElo "2504"]
[BlackElo "2419"]
[PlyCount "96"]
[EventDate "2012.??.??"]

1. Nf3 Nf6 2. c4 e6 3. g3 a6 4. Bg2 b5 5. b3 Bb7 6. O-O c5 7. Nc3 Qb6 8. e3 Be7
9. Qe2 Ne4 10. Nxe4 Bxe4 11. Bb2 O-O 12. Rfd1 bxc4 13. Qxc4 d5 14. Qe2 Nc6 15.
d3 Bg6 16. Nh4 Rac8 17. f4 Rfd8 18. Rac1 a5 19. Rf1 Bxh4 20. gxh4 Nb4 21. Rcd1
Qa6 22. a3 Nc6 23. Qg4 h5 24. Qg3 Ne7 25. e4 dxe4 26. dxe4 Rxd1 27. Rxd1 Qe2
28. Rb1 Qc2 29. Qe1 Rd8 30. Bc3 Nc6 31. f5 Bh7 32. fxe6 fxe6 33. Rc1 Qxb3 34.
Qg3 Rd1+ 35. Bf1 e5 36. Rxd1 Qxd1 37. Qf2 Nd4 38. Qa2+ Kh8 39. Qb2 Qg4+ 40. Kf2
Qxh4+ 41. Kg1 Nf3+ 42. Kh1 Bxe4 43. Bd3 Nd2+ 44. Bxe4 Qxe4+ 45. Kg1 Qe1+ 46.
Kg2 Qf1+ 47. Kg3 Qf3+ 48. Kh4 Qg4# 0-1

[Event "USCL Week 2"]
[Site "?"]
[Date "2012.09.12"]
[Round "?"]
[White "Silberman, Sam"]
[Black "Krasik, Ilya"]
[Result "0-1"]
[WhiteElo "2056"]
[BlackElo "2261"]
[PlyCount "58"]
[EventDate "2012.??.??"]

1. e4 c5 2. d4 cxd4 3. c3 Nf6 4. e5 Nd5 5. Qxd4 e6 6. Bc4 Nc6 7. Qe4 Nde7 8.
Bf4 Ng6 9. Bg3 d5 10. exd6 Bxd6 11. Bxd6 Qxd6 12. Ne2 Nge5 13. Na3 Nxc4 14.
Nxc4 Qc7 15. O-O-O O-O 16. Rd2 b5 17. Nd6 Ba6 18. Nf4 b4 19. cxb4 Nxb4+ 20. Kb1
Rab8 21. a3 Nd3 22. Nxd3 Qxd6 23. Rhd1 Qxa3 24. Ne5 Rb4 25. Qc6 Bb7 26. Qc2 Bd5
27. Nc4 Qa6 28. Ne3 Qa2+ 29. Kc1 Be4 0-1

[Event "USCL Week 2"]
[Site "?"]
[Date "2012.09.12"]
[Round "?"]
[White "Wang, Puchen"]
[Black "Vigorito, David"]
[Result "1-0"]
[WhiteElo "2509"]
[BlackElo "2548"]
[PlyCount "103"]
[EventDate "2012.??.??"]

1. e4 c5 2. c3 e6 3. Nf3 d5 4. exd5 exd5 5. d4 Nc6 6. Bb5 Bd6 7. O-O Nge7 8.
dxc5 Bxc5 9. Nbd2 O-O 10. Nb3 Bb6 11. Bf4 Bg4 12. h3 Bh5 13. Qd3 h6 14. Rfe1
Bg6 15. Qd2 Be4 16. Nfd4 Nxd4 17. Nxd4 Ng6 18. Bg3 Qf6 19. Rad1 Nh4 20. Kh2
Rad8 21. f3 Bh7 22. Be5 Qg6 23. Qf2 Nf5 24. Bd3 Bxd4 25. Bxd4 Qd6+ 26. Be5 Qc6
27. Qc2 g6 28. Bxf5 gxf5 29. Qf2 b6 30. Qh4 Rde8 31. Bf6 Rxe1 32. Rxe1 Bg6 33.
Bd4 Kh7 34. Re7 a5 35. Kh1 b5 36. Be3 h5 37. Qg5 Rh8 38. Qh6+ Kg8 39. Qf4 Kh7
40. Bd4 Rg8 41. Be3 Rh8 42. a3 a4 43. Kg1 Qc8 44. Bd4 Rg8 45. Qd6 f4 46. Qxf4
Qf5 47. Qxf5 Bxf5 48. Rxf7+ Kg6 49. Rf6+ Kg5 50. h4+ Kf4 51. Kf2 b4 52. g3+ 1-0

[Event "USCL Week 2"]
[Site "?"]
[Date "2012.09.12"]
[Round "?"]
[White "Bregadze, Levan"]
[Black "Wang, Kevin"]
[Result "1-0"]
[WhiteElo "2416"]
[BlackElo "2366"]
[PlyCount "99"]
[EventDate "2012.??.??"]

1. e4 Nf6 2. d3 e5 3. Nf3 Nc6 4. g3 Bc5 5. Bg2 O-O 6. O-O d5 7. Nbd2 Re8 8. h3
dxe4 9. dxe4 a5 10. c3 b6 11. Qa4 Rb8 12. Rd1 b5 13. Qc2 Qe7 14. Nf1 Be6 15.
Ng5 Bd7 16. Ne3 h6 17. Nf3 Rbd8 18. Nh4 Be6 19. Nd5 Bxd5 20. exd5 Na7 21. Nf5
Qf8 22. b4 axb4 23. cxb4 Bb6 24. Be3 Nc8 25. Bc5 Bxc5 26. bxc5 e4 27. Ne3 Re5
28. Rac1 Nxd5 29. Nxd5 Rexd5 30. Rxd5 Rxd5 31. Bxe4 Rd4 32. Bf3 Qe7 33. Qb2 Qf6
34. Kg2 b4 35. Re1 Na7 36. Re8+ Kh7 37. Qe2 Nc6 38. Kh2 Nd8 39. Qe3 Ne6 40. Bg4
Nxc5 41. Re5 Qd6 42. Re7 Qf6 43. Rxf7 Qxf7 44. Qxd4 Na4 45. Kg1 c5 46. Qe4+ g6
47. Be6 Qc7 48. Qa8 Kg7 49. Qxa4 Qe7 50. Qc6 1-0

[Event "USCL Week 2"]
[Site "?"]
[Date "2012.09.12"]
[Round "?"]
[White "Selzler, Richard"]
[Black "Larson, Matthew"]
[Result "0-1"]
[WhiteElo "2242"]
[BlackElo "1918"]
[PlyCount "120"]
[EventDate "2012.??.??"]

1. e4 c5 2. Nf3 d6 3. d4 cxd4 4. Nxd4 Nf6 5. Nc3 a6 6. Be3 e5 7. Nb3 Be6 8. f3
Nbd7 9. Qd2 b5 10. g4 Nb6 11. Qf2 Nfd7 12. O-O-O Nc4 13. Bxc4 bxc4 14. Nd2 Qa5
15. Kb1 Rb8 16. Nd5 Bxd5 17. exd5 Qb5 18. b3 Be7 19. Qf1 cxb3 20. axb3 Qb4 21.
Qc4 Qa3 22. Qc6 a5 23. Ba7 Rd8 24. Nc4 Qb4 25. Bb6 O-O 26. Bxa5 Qb8 27. Bc7 Qa7
28. Bxd8 Rxd8 29. Qa4 Qc7 30. Qa5 Qb8 31. Qd2 Qb5 32. Kb2 Nc5 33. Qa5 Qe8 34.
Nb6 Bf6 35. b4 e4+ 36. c3 Nd3+ 37. Kb3 Qe5 38. Na4 Nf2 39. fxe4 Nxh1 40. Rxh1
Qxe4 41. Rf1 Rc8 42. Qb5 Qxg4 43. Re1 Be5 44. Qa6 h5 45. Qe2 Qh3 46. Rc1 Bf4
47. Rf1 g5 48. b5 Qf5 49. Rd1 Rb8 50. b6 h4 51. Qa6 Bxh2 52. Qa7 Qc8 53. Rd4 h3
54. Rc4 Qb7 55. Qxb7 Rxb7 56. Rc7 Rb8 57. b7 Kg7 58. Nb6 Bf4 59. Nd7 Rxb7+ 60.
Rxb7 h2 0-1

[Event "USCL Week 2"]
[Site "?"]
[Date "2012.09.12"]
[Round "?"]
[White "Kaufman, Larry"]
[Black "Kannappan, Priyadharshan"]
[Result "0-1"]
[WhiteElo "2445"]
[BlackElo "2457"]
[PlyCount "202"]
[EventDate "2012.??.??"]

1. d4 Nf6 2. c4 e6 3. Nc3 Bb4 4. e3 O-O 5. Bd3 c5 6. Nf3 d6 7. Qc2 b6 8. O-O
Bxc3 9. bxc3 Nc6 10. Rb1 h6 11. e4 e5 12. d5 Na5 13. Qe2 Bd7 14. Ne1 Qe7 15. h3
Rae8 16. Nc2 Kh8 17. Bd2 Ng8 18. Ne3 Qf6 19. Ng4 Qd8 20. Qf3 Qc8 21. Ne3 Ne7
22. g4 Qd8 23. Qg3 Ng6 24. Nf5 Bxf5 25. gxf5 Nf4 26. Bxf4 exf4 27. Qxf4 Qf6 28.
Rbc1 Re7 29. Rfe1 Qg5+ 30. Qg4 Qxg4+ 31. hxg4 g5 32. Kg2 Kg7 33. f4 gxf4 34.
Kf3 f6 35. Kxf4 Nb7 36. a4 Rh8 37. Rh1 Ree8 38. Rb1 Kf7 39. Rh2 Reg8 40. Rh5
Rg5 41. Rbh1 Rxh5 42. Rxh5 Kg7 43. Rh1 Rb8 44. Rb1 Na5 45. Rb2 Rh8 46. Be2 Kh7
47. Rb1 Rg8 48. Rh1 Kg7 49. Rb1 Kh8 50. Rh1 Kh7 51. Rb1 Re8 52. Bd3 Kg8 53. Rh1
Kg7 54. Rb1 Nb7 55. Be2 Rg8 56. Bd3 Kf8 57. Be2 Ke7 58. Ke3 Kd7 59. Rh1 Rh8 60.
g5 fxg5 61. f6 Nd8 62. Bg4+ Ke8 63. Be6 h5 64. e5 Nf7 65. exd6 Nxd6 66. Kd3 Rh6
67. Bg4 Kf7 68. Bxh5+ Kxf6 69. Rf1+ Ke7 70. Re1+ Kd8 71. Bg4 Rh4 72. Rg1 Nf7
73. Kc2 Ne5 74. Be6 g4 75. Kb3 Ke7 76. Rg3 Kd6 77. Bc8 Rh8 78. Be6 Rf8 79. Rxg4
Nxg4 80. Bxg4 Rf4 81. Bc8 Rf3 82. Ba6 Ke5 83. Bb5 Rd3 84. Bc6 Rd2 85. Bb7 Ke4
86. a5 bxa5 87. Ka4 Kd3 88. Kb5 Kxc3 89. Kxc5 a4 90. d6 a3 91. Bd5 Rh2 92. d7
Rh8 93. Bf7 Rd8 94. Kd6 a2 95. c5 a1=Q 96. c6 Qa3+ 97. Kc7 Qa5+ 98. Kd6 Qb4+
99. Kc7 Qb6+ 100. Kd6 a5 101. Ke7 Qc7 0-1

[Event "USCL Week 6"]
[Site "Internet Chess Club"]
[Date "2012.10.09"]
[Round "?"]
[White "Otchiyev, Arslan"]
[Black "Haskel, Jeffrey"]
[Result "0-1"]
[WhiteElo "2399"]
[BlackElo "2347"]
[PlyCount "55"]
[EventDate "2012.??.??"]

1. e4 e6 2. Qe2 Nc6 3. c3 e5 4. g3 d5 5. d3 Be6 6. Bg2 Qd7 7. Nf3 f6 8. O-O
O-O-O 9. exd5 Bxd5 10. d4 e4 11. Nfd2 Re8 12. Nc4 f5 13. Be3 Bxc4 14. Qxc4 Nf6
15. Qa4 Nd5 16. Nd2 h5 17. Qd1 h4 18. c4 Nxe3 19. fxe3 hxg3 20. hxg3 Bd6 21.
Qe1 Nb4 22. Qf2 g6 23. Rfd1 Nd3 24. Qe2 Bxg3 25. Nf3 Qe7 26. Nd2 Qg5 27. Nf3
exf3 28. Qxf3 0-1

[Event "USCL Week 6"]
[Site "Internet Chess Club"]
[Date "2012.10.09"]
[Round "?"]
[White "Guenther, Travis"]
[Black "Barayev, Isaac"]
[Result "1/2-1/2"]
[WhiteElo "1969"]
[BlackElo "2144"]
[PlyCount "96"]
[EventDate "2012.??.??"]

1. d4 d5 2. c4 c6 3. Nf3 Nf6 4. Nc3 e6 5. Bg5 Be7 6. e3 O-O 7. Qc2 Nbd7 8. Rd1
dxc4 9. Bxc4 Nd5 10. Bxe7 Qxe7 11. O-O a6 12. Rfe1 Nxc3 13. Qxc3 c5 14. a4 Nb6
15. a5 cxd4 16. Rxd4 Nxc4 17. Qxc4 Bd7 18. Qc7 Rfd8 19. Red1 Rac8 20. Qxb7 Qe8
21. Qxa6 Ba4 22. Rxd8 Rxd8 23. Rxd8 Qxd8 24. h3 h6 25. Nd4 e5 26. Qb6 Qd5 27.
Nf3 f6 28. b4 Bc6 29. Qc5 Qxc5 30. bxc5 Kf7 31. Nd2 f5 32. Nc4 Ke6 33. Nb6 Bb7
34. Kf1 Ke7 35. Ke2 Kd8 36. f3 Kc7 37. Kd3 e4+ 38. fxe4 Bxe4+ 39. Kd4 Bxg2 40.
h4 g5 41. hxg5 hxg5 42. Nc4 f4 43. Ne5 f3 44. Nd3 g4 45. e4 g3 46. Ke3 f2 47.
Nxf2 gxf2 48. Kxf2 Bxe4 1/2-1/2

[Event "USCL Week 6"]
[Site "Internet Chess Club"]
[Date "2012.10.09"]
[Round "?"]
[White "Gelashvili, Tamaz"]
[Black "Chirila, Cristian"]
[Result "1-0"]
[WhiteElo "2694"]
[BlackElo "2575"]
[PlyCount "95"]
[EventDate "2012.??.??"]

1. d4 Nf6 2. Nf3 e6 3. c4 c5 4. d5 exd5 5. cxd5 d6 6. Nc3 g6 7. Bf4 a6 8. a4
Bg7 9. h3 O-O 10. e3 Ne8 11. Nd2 Nd7 12. Nc4 Ne5 13. Bxe5 Bxe5 14. Nxe5 dxe5
15. a5 Nd6 16. Be2 Bd7 17. O-O f5 18. Qb3 Rc8 19. Rfc1 f4 20. exf4 Rxf4 21. Nd1
Qf6 22. Ra3 Bb5 23. Bg4 Rf8 24. Qc2 Rc4 25. Rc3 Qf4 26. Rxc4 Nxc4 27. Qc3 Qd4
28. b3 Qxc3 29. Nxc3 Nxa5 30. Nxb5 axb5 31. Rxc5 Nxb3 32. Rxb5 Nd4 33. Rxb7 Rd8
34. Bd7 Ne2+ 35. Kh2 Nc3 36. Be6+ Kh8 37. Rb3 Ne4 38. Re3 Nxf2 39. Kg1 Nd1 40.
Rb3 e4 41. Kf1 Rf8+ 42. Ke2 Nf2 43. Ke3 Nd3 44. Rc3 Nf4 45. Kxe4 Nxg2 46. d6
Nf4 47. Bg4 h5 48. d7 1-0